World's Top 100 Airports (2015) - Statistics

General Stats
  • This quiz has been taken 315 times
  • The average score is 58 of 100
Answer Stats
Hint Answer % Correct
8 London Heathrow Airport, United Kingdom
94%
48 Charles de Gaulle Airport, France
90%
40 London Gatwick Airport, United Kingdom
90%
14 Narita International Airport, Japan
89%
98 Los Angeles International Airport, United States
88%
5 Tokyo International Airport, Japan
88%
27 Madrid-Barajas Airport, Spain
87%
21 Sydney Airport, Australia
87%
73 London Stansted Airport, United Kingdom
86%
10 Beijing Capital International Airport, China
85%
51 Domodedovo International Airport, Russia
85%
84 Sheremetyevo International Airport, Russia
85%
32 London City Airport, United Kingdom
83%
37 Barcelona-El Prat Airport, Spain
82%
1 Singapore Changi Airport, Singapore
82%
39 Dubai International Airport, United Arab Emirates
81%
90 Shanghai Pudong International Airport, China
81%
9 Amsterdam Airport Schiphol, Netherlands
80%
4 Hong Kong International Airport, China
80%
92 O'Hare International Airport, United States
80%
31 Shanghai Hongqiao International Airport
80%
71 Istanbul Ataturk Airport, Turkey
79%
62 Dallas/Fort Worth International Airport, United States
78%
2 Incheon International Airport, South Korea
78%
25 Melbourne Airport, Australia
78%
36 San Francisco International Airport, United States
77%
61 Stockholm Arlanda Airport, Sweden
77%
43 Toronto Pearson International Airport, Canada
77%
13 Frankfurt Airport, Germany
76%
41 Gimpo International Airport, South Korea
76%
44 Hartsfield-Jakson Atlanta International Airport, United States
76%
3 Munich Airport, Germany
76%
49 Oslo Airport, Gardermoen, Norway
75%
47 Suvarnabhumi Airport, Thailand
75%
16 Copenhagen Airport, Denmark
73%
38 Vienna International Airport, Austria
73%
11 Vancouver International Airport, Canada
72%
55 Athens International Airport "Eleftherios Venizelos", Greece
71%
18 Helsinki-Vantaa Airport, Finland
71%
57 Soekarno-Hatta International Airport, Indonesia
71%
81 Dublin Airport, Ireland
70%
6 Zurich Airport, Switzerland
70%
52 Lisbon Portela Airport, Portugal
69%
80 Manchester Airport, United Kingdom
69%
75 Perth Airport, Australia
69%
54 Seattle-Tacoma International Airport, United States
69%
58 Indira Gandhi International Airport, India
68%
88 Logan International Airport
68%
15 Auckland International Airport, New Zealand
67%
78 Brussels Airport, Belgium
67%
87 Montréal-Pierre Elliott Trudeau Airport, Canada
67%
24 O. R. Tambo International Airport, South Africa
67%
12 Kansai International Airport, Japan
66%
60 John F. Kennedy International Airport, United States
65%
29 Abu Dhabi International Airport, United Arab Emirates
64%
19 Kuala Lumpur International Airport, Malaysia
64%
26 Cape Town International Airport, United States
62%
33 Denver International Airport, United States
61%
85 Václav Havel Airport Prague, Czech Republic
60%
66 Guangzhou Baiyun International Airport, China
59%
17 Taiwan Taoyuan International Airport, Taiwan
59%
20 Brisbane Airport, Australia
57%
69 Budapest Ferenc Liszt International Airport, Hungary
57%
95 Geneva International Airport, Switzerland
55%
45 Hamburg Airport, Germany
55%
22 Doha International Airport, Qatar
54%
63 Adelaide Airport, Australia
52%
83 Sanya Phoenix International Airport, China
51%
96 Detroit Metropolitan Wayne County Airport, United States
50%
82 Birmingham Airport, United Kingdom
47%
34 Dusseldorf Airport, Germany
45%
94 El Dorado International Airport, Colombia
41%
35 Jorge Chavez International Airport, Peru
40%
79 Nice Côte d'Azur International Airport, France
39%
67 Keflavik International Airport, Iceland
35%
86 Minneapolis-Saint Paul International Airport, United States
35%
23 Cologne/Bonn Airport, Germany
34%
72 Shenzhen Bao'an International Airport, China
34%
64 Kempegowda International Airport, India
30%
76 Christchurch International Airport, New Zealand
29%
50 Chengdu Shuangliu International Airport, China
28%
77 Muscat International Airport, Oman
27%
46 Bahrain International Airport, Bahrain
25%
65 Francisco de Sá Carneiro Airport, Portugal
25%
28 King Shaka International Airport, South Africa
25%
74 Xi'an Shenyang International Airport, China
25%
7 Chubu Centrair International Airport, Japan
24%
91 Luxembourg Findel Airport, Luxembourg
20%
89 Tocumen International Airport, Panama
20%
70 Rajiv Gandhi International Airport, India
17%
42 Gold Coast Airport, Australia
15%
93 Fukuoka Airport, Japan
14%
30 Cincinnati/Northern Kentucky International Airport, United States
13%
97 Malta International Airport, Malta
12%
100 Sir Seewoosagur Ramgoolam International Airport, Mauritius
12%
56 Halifax Stanfield Airport, Canada
10%
53 Haikou Meilan International Airport, China
4%
68 Billund Airport, Denmark
3%
59 José Joaquín de Olmedo International Airport, Ecuador
3%
99 Raleigh-Durham International Airport, United States
2%
No matching quizzes found
Score Distribution
Percent of People with Each Score
Percentile by Number Answered
Your Score History
You have not taken this quiz